000 00349nam a2200133Ia 4500
008 240624s9999 xx 000 0 und d
041 _aeng
082 _a658.312 RIC
100 _aRICHARDS SHOLA
245 _aMAKING WORK WORK THE POSITIVITY SOLUTION
260 _c2016
_aNew York
_bSterling Ethos
300 _axiv, 239 p.; 23 cm.
365 _c
_b38
999 _c30737
_d30737